000 00730nai a2200193Ia 4500
003 IN-BaIIA
008 211028c9999 xx s 000 0 eng d
022 _a0361-1000 (Print)
022 _a1558-2469 (Online)
040 _cIIA Library
245 0 _aIEEE Transactions on Parts, Hybrids, and Packaging
_h[eJournal]
260 _aNew York, USA
_bThe Institute of Electrical and Electronics Engineers, Inc. (IEEE)
310 _aQuarterly
362 _a7(2); 1971 - 13(4); 1977
521 _bSubscribed through National Knowledge Resource Consortium (NKRC)
650 _aComponents, Circuits, Devices and Systems
856 _uhttps://ieeexplore.ieee.org/servlet/opac?punumber=8217
_yClick Here to Access eJournal
942 _cEJ
999 _c34715
_d34715